Countries, US States, Capitals, Elements, 100 Most Common Words: A ≈ B + C #7 - Statistics

General Stats
  • This quiz has been taken 40 times
  • The average score is 48 of 80
Answer Stats
ANSWER % Correct
{}{S}{l}{o}{v}{a}{k}{i}{a}
90%
Slovakia
90%
{lAos}
86%
{laoS}
86%
{Rom}e{}
86%
{Rome}
86%
{romE}
86%
{Spain}
86%
{}s{paiN}
86%
{sPai}n{}
86%
{utaH}
86%
{uTah}
86%
{uTa}h{}
86%
{c}h{Ad}
79%
{}j{uBa}
79%
{ki}e{V}
79%
{}{T}{a}{s}{h}{k}{e}{n}{t}
76%
Tashkent
76%
{In}d{ia}
76%
{}l{iMa}
76%
{}p{eRu}
76%
{riGa}
76%
{tH}a{n}
76%
{Take}
72%
{aCcra}
69%
{}{M}{a}{c}{e}{d}{o}{n}{i}{a}
69%
Macedonia
69%
{}y{eAr}
69%
{}a{Stana}
66%
{Bogota}
66%
{cuBa}
66%
{}{W}{e}{s}{t}{ }{V}{i}{r}{g}{i}{n}{i}{a}
66%
West Virginia
66%
{irAn}
66%
{leaD}
66%
{mOst}
66%
{S}a{moa}
66%
{t}h{iS}
66%
{tiRana}
66%
{}{B}{u}{l}{g}{a}{r}{i}{a}
62%
Bulgaria
62%
{givE}
62%
{Maine}
62%
{}{B}{u}{c}{h}{a}{r}{e}{s}{t}
59%
Bucharest
59%
{}p{riStina}
59%
{bi}S{sau}
55%
{}{D}{e}{l}{a}{w}{a}{r}{e}
55%
Delaware
55%
{tH}e{se}
55%
{}{A}{n}{n}{a}{p}{o}{l}{i}{s}
52%
Annapolis
52%
{}{B}{a}{t}{o}{n}{ }{R}{o}{u}{g}{e}
52%
Baton Rouge
52%
{}{K}{h}{a}{r}{t}{o}{u}{m}
48%
Khartoum
48%
{}c{eriuM}
45%
{}{S}{a}{i}{n}{t}{ }{P}{a}{u}{l}
45%
Saint Paul
45%
{}{S}{e}{a}{b}{o}{r}{g}{i}{u}{m}
45%
Seaborgium
45%
{}{S}{a}{n}{ }{M}{a}{r}{i}{n}{o}
45%
San Marino
45%
{gooD}
45%
{Time}
45%
{}{M}{e}{i}{t}{n}{e}{r}{i}{u}{m}
41%
Meitnerium
41%
{Antimon}y{}
38%
{}{C}{o}{s}{t}{a}{ }{R}{i}{c}{a}
38%
Costa Rica
38%
{}{S}{a}{n}{t}{o}{ }{D}{o}{m}{i}{n}{g}{o}
38%
Santo Domingo
38%
{}{M}{a}{u}{r}{i}{t}{a}{n}{i}{a}
31%
Mauritania
31%
{}{S}{a}{c}{r}{a}{m}{e}{n}{t}{o}
31%
Sacramento
31%
{}{L}{i}{t}{h}{u}{a}{n}{i}{a}
24%
Lithuania
24%
{}{P}{o}{t}{a}{s}{s}{i}{u}{m}
24%
Potassium
24%
No matching quizzes found
Score Distribution
Percent of People with Each Score
Percentile by Number Answered
Your Score History
You have not taken this quiz